| 000 | 00706 a2200181 4500 | ||
|---|---|---|---|
| 003 | NUST | ||
| 005 | 20230727090023.0 | ||
| 040 | _cNust | ||
| 082 | _a621.3822,ROW | ||
| 100 |
_aRowe, Harrison E _959624 |
||
| 245 |
_aSignals and noise in communication systems / _cRowe, Harrison E |
||
| 260 |
_aVan Nostrand _bPrinceton, N.J _c1965 |
||
| 300 |
_axii, 341 p.; _billus _c24 cm |
||
| 505 | _aIntroduction (Page-1), Representation of Signal and Noise (Page-4), Amplitude Modulation and Related Systems (Page-57), Frequency and Phase Modulation (Page-98), Pulse Modulation Systems (Page-216). | ||
| 600 |
_aRowe, Harrison E _959624 |
||
| 650 | _aTelecommunication engineering | ||
| 942 |
_2ddc _cBK _k621.3822,ROW |
||
| 999 |
_c182830 _d182830 |
||